[Event "Yvelines-ch"]
[Site "Fontenay le Fleury"]
[Date "2012.02.25"]
[Round "5"]
[White "Montay, Jean Paul"]
[Black "Granger, Jacques"]
[Result "0-1"]
[WhiteElo "1499"]
[BlackElo "1660"]
[PlyCount "58"]
[EventDate "2012.02.18"]
[EventType "swiss"]
[EventRounds "7"]
[EventCountry "FRA"]
[SourceTitle "EXT 2013"]
[Source "ChessBase"]
[SourceDate "2012.11.22"]
[SourceVersion "1"]
[SourceVersionDate "2012.11.22"]
[SourceQuality "1"]

1. e4 e5 2. Nf3 Nc6 3. d4 Nxd4 4. Nxd4 exd4 5. Qxd4 d6 6. Nc3 Qf6 7. Qe3 Be6 8. Be2 g6 9. 0-0 Bh6 10. f4 Ne7 11. Nb5 Kd8 12. e5 dxe5 13. Qd3+ Kc8 14. fxe5 Qg7 15. Rd1 Bxc1 16. Raxc1 Qxe5 17. b3 a6 18. Na3 c6 19. Nc4 Qc5+ 20. Kh1 Nd5 21. Qd4 Qxd4 22. Rxd4 Kc7 23. c3 Rad8 24. Rd3 Nf4 25. Rd2 Rxd2 26. Nxd2 Nxe2 27. Rc2 Rd8 28. Nf3 Rd1+ 29. Ng1 Rxg1# 0-1